Southwest Asia Map Quiz - Statistics

General Stats
  • This quiz has been taken 852 times
  • The average score is 9 of 13
Answers on the Map
Answers color-coded by a green-red scale on the quiz's map according to % correct below.
 
Answer Stats
Answer % Correct
Turkey
81%
Saudi Arabia
78%
Iran
74%
Israel
73%
Yemen
73%
Jordan
72%
Oman
71%
Syria
71%
United Arab Emirates
69%
Kuwait
68%
Qatar
66%
Iraq
65%
Lebanon
59%
No matching quizzes found
Score Distribution
Percent of People with Each Score
Percentile by Number Answered
Your Score History
You have not taken this quiz